LEADER 00785nam0-22002891i-450- 001 990003198510403321 035 $a000319851 035 $aFED01000319851 035 $a(Aleph)000319851FED01 035 $a000319851 100 $a20000920d1979----km-y0itay50------ba 101 0 $aita 102 $aIT 200 1 $aSociologia delle professioni$fa cura di Willem Tousijn. 210 $aBologna$cIl Mulino$d\c\\1979. 215 $a307 p.$d22 cm 225 1 $aProblemi e prospettive$iSerie di sociologia 676 $a18400 702 1$aTousijn,$bWillem 801 0$aIT$bUNINA$gRICA$2UNIMARC 901 $aBK 912 $a990003198510403321 952 $a18400 TOU$b12224/I$fSES 959 $aSES 996 $aSociologia delle professioni$9275276 997 $aUNINA DB $aING01 LEADER 01147nas 22003613 450 001 9910682523203321 005 20220105213020.0 035 $a(CKB)5670000000619170 035 $a(CONSER)cn2016300269 035 $a(EXLCZ)995670000000619170 100 $a20150413a20159999 --- a 101 0 $aeng 181 $ctxt$2rdacontent 182 $cc$2rdamedia 183 $acr$2rdacarrier 200 10$aCARS $eCanadian auto repair & service magazine 210 1$aToronto, ON :$cNewcom Business Media Inc.,$d[2015]- 215 $a1 online resource 311 08$aPrint version: CARS (Toronto, Ont.) 2368-9129 (DLC)cn2016300269 (OCoLC)1083674403 517 3 $aCanadian auto repair & service magazine 517 1 $aCARS magazine 606 $aAutomobile repair shops$vPeriodicals 606 $aAutomobile repair shops$2fast$3(OCoLC)fst00823164 608 $aPeriodicals.$2fast 615 0$aAutomobile repair shops 615 7$aAutomobile repair shops. 676 $a629.28 686 $acci1icc$2lacc 906 $aJOURNAL 912 $a9910682523203321 920 $aexl_impl conversion 996 $aCARS$93088045 997 $aUNINA